Size-dependent mixing characteristics of volatile and nonvolatile components in diesel exhaust aerosols /
Sparad:
| Övriga upphovsmän: | , , , , , |
|---|---|
| Materialtyp: | Artikel |
| Språk: | English |
| Ämnen: | |
| Taggar: |
Lägg till en tagg
Inga taggar, Lägg till första taggen!
|
| Thư viện lưu trữ: | Thư viện Trường Đại học Đà Lạt |
|---|
| LEADER | 01103nam a2200361 4500 | ||
|---|---|---|---|
| 001 | DLU090094227 | ||
| 005 | ##20091201 | ||
| 040 | # | # | |a DLU |b eng |
| 041 | # | # | |a eng |
| 044 | # | # | |a us |
| 245 | # | # | |a Size-dependent mixing characteristics of volatile and nonvolatile components in diesel exhaust aerosols / |c Hiromu Sakurai ... [et al.]. |
| 653 | # | # | |a Air pollution |
| 653 | # | # | |a Diesel engine |
| 653 | # | # | |a Exhaust gas |
| 653 | # | # | |a Nanoparticles |
| 653 | # | # | |a Non volatile compounds |
| 653 | # | # | |a Volatile compounds |
| 700 | # | # | |a Kittelson, David B. |
| 700 | # | # | |a McMurry, Peter H. |
| 700 | # | # | |a Park, Kihong. |
| 700 | # | # | |a Sakurai, Hiromu. |
| 700 | # | # | |a Zarling, Darrick D. |
| 700 | # | # | |a Ziemann, Paul J. |
| 773 | # | # | |t Environmental Science & Technology |g Vol. 37, no. 24 (December 2003), p. 5487-5495 |
| 920 | # | # | |a Phòng Tạp chí -- Trung tâm Thông tin - Thư viện Trường Đại học Đà Lạt |
| 994 | # | # | |a DLU |
| 900 | # | # | |a True |
| 911 | # | # | |a Trương Bảo Trâm Anh |
| 925 | # | # | |a G |
| 926 | # | # | |a A |
| 927 | # | # | |a BB |
| 980 | # | # | |a Thư viện Trường Đại học Đà Lạt |